000 01056nac a22003257a 4500
001 BR8305750
003 BR-BrBNA
005 20240105115859.0
008 230509b bl.|||m| |||| 00| 0 por d
040 _aBR-BrBNA
_bpor
_cBiblioteca Nacional de Agricultura
072 _aF30; F01
090 _a1540 BR8305750
100 1 _aTupinamba, E.A.
100 1 _aSantos, Z.G. dos
110 1 _aUnidade de Execucao de Pesquisa de Ambito Estadual de Aracaju, SE (Brasil)
_910344
245 1 _aComportamento de tres cultivares de mandioca em fileiras duplas [Sergipe, Brasil]
260 3 _aAracaju, SE (Brazl):
_c1983.
300 _a4 p.
490 _aComunicado Tecnico - Unidade de Execucao de Pesquisa de Ambito Estadual de Aracaju (Brazil)
_vno. 13
_xISSN 0100-4867
650 _aCONSORCIACAO DE CULTURA
650 _aMANDIOCA
650 _aMILHO
650 _aFEIJAO
650 _aAMENDOIM
650 _aPLANTIO
650 _aFILEIRA DUPLA
650 _aSERGIPE
909 _a202312
_bLúcia Elande
_c55
_dLúcia Elande
942 _2AGRIS
_n0
_cMS
999 _c276874
_d276874